000 00388nam a2200181Ia 4500
003 0STCL
008 150530s9999 xx 000 0 und d
040 _aSTCL
_cSTCL
100 _aIbsen Henrik
245 _aPaava Veedu
250 _a3
260 _bDC Books; Kottayam
_c2008
300 _a0
546 _aMalayalam
942 _2ddc
_cBK
999 _c49191
_d49191
005 20220125170758.0